000 00501nam a2200193Ia 4500
008 240510s9999 xx 000 0 und d
020 _a047153062x
041 _aEng
082 _a006.6
082 _bL35
100 _aLindley, C.A.
245 0 _aPractical Image processing in C : acquisition , manipulation ,storage
260 _bNew York : John Wiley
260 _c1991
300 _a553 p.
650 _aImage Processing : Computer Graphics :C Language
942 _2ddc
942 _cRBK
999 _c25507
_d25507
945 _a1
_bMadushi Gamage
_c1
_dMadushi Gamage